On This Day: August 12th II Quiz Stats

 Plays Quiz Updated Aug 12, 2018

Score 0/7 Timer 03:00
0 Plays Today
Question Answer Wrong Answers
American businessman Isaac Singer receives a patent for this invention.
1851
Sewing machine
93.3%
Mechanical reaper
1.2%
Steamboat
2.5%
Telegraph
3%
A few weeks after dropping the lead single 'Enter Sandman,' this American heavy metal group's self-titled album debuts at number 1 on the Billboard 200.
1991
Metallica
76.5%
Megadeth
3.1%
Pearl Jam
8.3%
AC/DC
10.6%
This Austrian physicist and writer, who won a Nobel Prize and devised a famous quantum mechanics thought experiment featuring a cat, is born.
1887
Erwin Schrödinger
70.7%
Paul Dirac
1.2%
Niels Bohr
9.8%
Albert Einstein
17.5%
In a move that would precipitate impeachment proceedings, this US President defies Congress and suspends Secretary of War Edwin Stanton.
1867
Andrew Johnson
66.2%
Andrew Jackson
20.5%
James Buchanan
6.2%
Rutherford B. Hayes
6.9%
One-time US ally General Manuel Noriega becomes commander of the army of this Central American country, which he would rule as de facto dictator for most of the decade.
1983
Panama
46.9%
Nicaragua
47.6%
Mexico
2.1%
Peru
2.1%
This World War I action-romance movie starring Clara Bow, the only silent film to win the Best Picture Oscar, opens in New York.
1929
Wings
43.2%
All Quiet on the Western Front
35.6%
The General
12.9%
Battleship Potemkin
7.3%
En route to five total medals, this American teenager becomes the first Olympic swimmer since the 1960s to win the 200-, 400-, and 800-meter freestyle events at the same games with a world record in the 800.
2016
Katie Ledecky
36.9%
Michael Phelps
43.3%
Ryan Lochte
7.5%
Missy Franklin
10.5%

You're not logged in!

Compare scores with friends on all Sporcle quizzes.
OR
Log In

Sporcle TV

Today on Sporcle TV


Watch our educational content, quiz creation guides, and fun videos on Sporcle TV.

Show Comments

Extras

Top Quizzes Today


Score Distribution

Your Account Isn't Verified!

In order to create a playlist on Sporcle, you need to verify the email address you used during registration. Go to your Sporcle Settings to finish the process.

Report this User

Report this user for behavior that violates our Community Guidelines.

Details: